000 00365 a2200121 4500
001 ART_17849
005 20260410161701.0
008 260409a
245 1 0 _aEl atarso cambiario en Argentina¿mito o realidad?
100 1 _aSjaastad, Larry A.
700 1 _aRodríguez, Carlos A.
773 0 _tEnsayos Económicos
_g- Nº 13 (mar. 1980)
_wREV620
999 _c15150
_d15150